000 00455cam a22001451 4500
082 0 0 _a320.532
_bSTR
_cL28,P56
100 1 _aKirkpatrick, Jeane J.,
_937614
245 1 4 _aThe strategy of deception:
_ba study in world-wide communist tactics.
260 _aNew York,
_bFarrar, Straus
_c[1963]
300 _axxv, 444 p.
_c21 cm.
526 _a0
_b0
_c0
_d320_532000000000000_STR
650 0 _aCommunism.
650 0 _aCommunist strategy.
_937615
942 _2ddc
_cBK
999 _c542440
_d542440